| 000 | 00945nam a2200253 i 4500 | ||
|---|---|---|---|
| 003 | IT-RoINE | ||
| 005 | 20190621090731.0 | ||
| 008 | 070612s2007 sp |r 001|||spa|d | ||
| 020 | _a9788496717176 | ||
| 040 |
_aSpMaBN _cSpMaBN IT-RoINE _dIT-RoINE |
||
| 100 | 1 |
_aFernández Torres, Juan Ramón _960782 |
|
| 245 | 1 | 0 |
_aHistoria legal de la jurisdicción contencioso-administrativa (1845-1998) / _cJuan Ramón Fernández Torres ; prólogo de Santiago Muñoz Machado. |
| 260 |
_aMadrid : _bIustel, _c2007. |
||
| 300 |
_a919 p. ; _c25 cm. |
||
| 336 |
_2rdacontent _atext |
||
| 337 |
_2rdamedia _aunmediated |
||
| 338 |
_2rdacarrier _avolume |
||
| 500 | _aEn el lomo: 1. | ||
| 504 | _aBibliografía: p. [909]-919. | ||
| 650 | 4 |
_aProcedimiento contencioso administrativo _zEspaña _xHistoria _960783 |
|
| 650 | 4 |
_aTribunales administrativos _zEspaña _xHistoria _960784 |
|
| 700 | 1 |
_911767 _aMuñoz Machado, Santiago, _d1949- |
|
| 942 | _cMTS | ||
| 999 |
_c31005 _d31005 |
||